| 000 | 00741nam a22002537a 4500 | ||
|---|---|---|---|
| 001 | BR9510001 | ||
| 003 | BR-BrBNA | ||
| 005 | 20230928094807.0 | ||
| 007 | ta | ||
| 008 | 230509b bl.||||| |||| 00| 0 por d | ||
| 040 |
_aBR-BrBNA _bpor _cBiblioteca Nacional de Agricultura |
||
| 041 | _a(Por) | ||
| 072 |
_aL01 _b7100 |
||
| 090 | _ 7100 BR9510001 | ||
| 100 | 1 | _aWiese, H. | |
| 110 | 1 |
_aSecretaria da Agricultura, Florianopolis, SC (Brasil). Projeto de Apicultura _98388 |
|
| 245 | 1 | _aTransladacao das abelhas. Da caixa fixista para uma colmeia racional e moderna | |
| 260 | 3 |
_aFlorianopolis, SC (Brasil): _c1979. |
|
| 300 | _a6 p. | ||
| 650 | _aAbelha | ||
| 650 | _aColmeia | ||
| 909 |
_a202309 _bLucia _c55 _dLucia Elande |
||
| 942 | _cBK | ||
| 999 |
_c52674 _d52674 |
||